00644nam a2200241Ia 450000500170000000800410001702000180005808200190007624500290009526000360012430000180016065000100017865000100018865000130019865000120021165000160022365000130023965000140025270000200026694200060028695200950029299900150038720250320055429.0240331s9999 xx 000 0 und d a9780143063773 bWOM26436a302 0aWomen's Studies in India aNew Delhi,bPenguin Booksc2008 axvii, 657 p., aWomen aIndia aFeminism aHistory aDevelopment aReligion aEducation aJohn, M. Eeedt cL 001040708LaWERCLbWERCLcSSCd2024-03-31l0o 302 WOMp6436r2024-03-31w2024-03-31yL c2571d2571